| 000 | 00938nas a2200289 4500 | ||
|---|---|---|---|
| 001 | BR2012009360 | ||
| 003 | BR-BrBNA | ||
| 005 | 20231205121700.0 | ||
| 007 | ta | ||
| 008 | 230509b bl.|||p| |||| 00| 00por d | ||
| 040 |
_aBR-BrBNA _bpor _cBiblioteca Nacional de Agricultura |
||
| 041 | _a(Pt) | ||
| 072 | _aP34 | ||
| 100 | 1 | _aCarneiro, R.F.V. | |
| 100 | 1 | _aCardozo Júnior, F.M. | |
| 100 | 1 | _aPereira, L.F. | |
| 100 | 1 | _aAraújo, A.S.F. | |
| 100 | 1 | _aSilva, G.A. | |
| 245 | 1 | _aFungos micorrízicos arbusculares como indicadores da recuperação de áreas degradadas no nordeste do Brasil | |
| 650 | _aMICORRIZA VESICULAR ARBUSCULAR | ||
| 650 | _aDETERIORAÇÃO DO SOLO | ||
| 650 | _aRECUPERAÇÃO DO SOLO | ||
| 650 | _aNORDESTE | ||
| 773 | 0 |
_tRevista Ciência Agronômica (Brazil) _xISSN 0045-6888 _g(Oct-Dec 2012), v. 43(4) p. 648-657 _wBR2012009360 |
|
| 909 |
_a202311 _bLúcia _c55 _dLúcia Elande |
||
| 942 |
_2AGRIS _n0 _cANA |
||
| 999 |
_c224707 _d224707 |
||